| 000 | 00404nam a22001817a 4500 | ||
|---|---|---|---|
| 003 | OSt | ||
| 005 | 20170105103442.0 | ||
| 008 | 120426t xxu||||| |||| 00| 0 eng d | ||
| 020 | _a9780030740688 | ||
| 040 | _cASAB | ||
| 050 | _a612.6, RAV | ||
| 100 |
_aJohnson Raven _9178 |
||
| 245 | _aHolt Florida Biology | ||
| 260 |
_aLondon _b Holt |
||
| 300 | _a1146 | ||
| 650 |
_aBiology _9179 |
||
| 942 |
_2ddc _cBK |
||
| 999 |
_c16489 _d16489 |
||